| 000 | 00000nam##2200000za#4500 |
| 001 | 9.639422 |
| 003 | CaOODSP |
| 005 | 20210624222147 |
| 007 | cr ||||||||||| |
| 008 | 150407|2002||||xxc|||||o f|0| 0 fre|d |
| 040 | |aCaOODSP|bfre |
| 043 | |an-cn--- |
| 086 | 1 |aCC172-27/2002F-PDF |
| 110 | 2 |aCommission canadienne de sûreté nucléaire. |
| 245 | 10|aConvention sur la sûreté nucléaire, deuxième réunion d'examen – avril 2002 : |h[ressource électronique]|bréponses aux questions présentées au Canada |
| 260 | |aOttawa - Ontario : |bCommission canadienne de sûreté nucléaire |cJuillet 2002. |
| 300 | |a40p.|btableaux |
| 590 | |a11-28-Supp|b2011-11-17 |
| 775 | 08|tConvention on Nuclear Safety, second review meeting, April 2002 : |w(CaOODSP)9.695274 |
| 856 | 40|ahttp://publications.gc.ca|qPDF|s344 Ko|uhttps://publications.gc.ca/collections/collection_2011/ccsn-cnsc/CC172-27-2002-fra.pdf |